70 anni di fotografia in Italia (Record n. 70675)
[ formato base ]
| 000 -LEADER | |
|---|---|
| fixed length control field | 01345nam a2200301Ia 4500 |
| 001 - CONTROL NUMBER | |
| control field | 14592 |
| 003 - CONTROL NUMBER IDENTIFIER | |
| control field | IT-RoPAU |
| 008 - FIXED-LENGTH DATA ELEMENTS--GENERAL INFORMATION | |
| fixed length control field | 130308s9999 xx 000 0 und d |
| 040 ## - CATALOGING SOURCE | |
| Original cataloging agency | IT-RoPAU |
| 040 ## - CATALOGING SOURCE | |
| Transcribing agency | IT-RoPAU |
| 041 ## - LANGUAGE CODE | |
| Language code of text/sound track or separate title | ITALIANO |
| 999 ## - SYSTEM CONTROL NUMBERS (KOHA) | |
| Koha Dewey Subclass [OBSOLETE] | SI |
| 100 ## - MAIN ENTRY--PERSONAL NAME | |
| Personal name | Zannier Italo |
| 100 ## - MAIN ENTRY--PERSONAL NAME | |
| Miscellaneous information | Codice Aut. SPICS: 3388 |
| 245 ## - TITLE STATEMENT | |
| Title | 70 anni di fotografia in Italia |
| 245 ## - TITLE STATEMENT | |
| Remainder of title | 70 Anni di fotografia in Italia |
| 250 ## - EDITION STATEMENT | |
| Edition statement | 1a ed. |
| 260 ## - PUBLICATION, DISTRIBUTION, ETC. (IMPRINT) | |
| Place of publication, distribution, etc. | MODENA |
| 260 ## - PUBLICATION, DISTRIBUTION, ETC. (IMPRINT) | |
| Name of publisher, distributor, etc. | Punto e Virgola |
| 260 ## - PUBLICATION, DISTRIBUTION, ETC. (IMPRINT) | |
| Date of publication, distribution, etc. | 1978 [1° Ed.:1978 - Ed.Ling.Originale:1978] |
| 300 ## - PHYSICAL DESCRIPTION | |
| Extent | "194 p. (prefazione: no ; testo: 194)" |
| 500 ## - GENERAL NOTE | |
| General note | Società Fotografica Italiana Manuali riviste Scuole Archivi e musei fotografia per la Scienza Dilettante viaggi e Atelier testimone Fotodinamica colore Grande Guerra Pittorialismo ritratto fotografi Naif Arte Fotografica Verso una Nuova fotografia fotografi Futuristi fotografia fascista fototesto gruppo degli Otto bello fotografico Annuario della Domus dopoguerra gruppo bussola Fotoracconto Neorealisti e Contestatori circoli e gruppi Alternativa del Paparazzo Rotocalchi e Fotogiornalismo Fotolibro Critica fotografi d'oggi fotografia e Pittura tavole a Colori Bibliografia |
| 650 ## - SUBJECT ADDED ENTRY--TOPICAL TERM | |
| Topical term or geographic name as entry element | STORIA NAZIONALE DELLA FOTOGRAFIA |
| 650 ## - SUBJECT ADDED ENTRY--TOPICAL TERM | |
| Relator term | Codice materia Spics: 6759 |
| 942 ## - ADDED ENTRY ELEMENTS (KOHA) | |
| Koha item type | LIBRO |
| 957 ## - | |
| -- | 1 |
| 999 ## - SYSTEM CONTROL NUMBERS (KOHA) | |
| -- | 1 |
| Withdrawn status | Lost status | Damaged status | Not for loan | Home library | Current library | Date acquired | Total Checkouts | Full call number | Date last seen | Price effective from | Koha item type | Public note |
|---|---|---|---|---|---|---|---|---|---|---|---|---|
| Buone Condizioni | Not For Loan | SPICS-MEDIATECA | SPICS-MEDIATECA | 08/03/2013 | 14592 | 08/03/2013 | 08/03/2013 | LIBRO | Progressivo inserimento: 31774 / N. Volumi: 1 Copie: 1 Copia Rara: SI / data import: 1 marzo 2013 - By Epidotti, Trombetti, Vaglietti. |